Datum a čas kvízu
33
Celkem bodů
Celkový počet nahraných bodů na tomto kvízu bez doplňovacích otázek.
8.
Pořadí na kvízu
Konečné umístění týmu na tomto kvízu.
Zaznamenané odpovědi
| # | Otázka | Odpověď | Body | Výsledky |
|---|---|---|---|---|
| 1. | Nejvyšší soud v pondělí defini... | proti pokutám za dopravní přestupky | 1 | |
| 2. | Ve středu lehla popelem zbrusu... | v Německu | 1 | |
| 3. | Minulý týden měla premiéru fil... | Výjimečný stav, Jan Hřebejk | 1 | |
| 4. | Ve které evropské metropoli se... | v Paříži | 1 | |
| 5. | Ve kterém sportu na sebe minul... | v šipkách | 0 | |
| 6. | Tentokrát se v gastronomickém... | konvektomat | 1 | |
| 7. | Napište dvě slova pocházející... | sous-vide | 1 | |
| 8. | Nyní se podíváme na symboly, k... | č. 4 | 0 | |
| 9. | Napište značku nádobí, kterou... | Remoska | 1 | |
| 10. | Tento nástroj je používán při... | ústřice | 0 |